|
|
|
|
| LEADER |
00710nab a2200193 i 4500 |
| 001 |
publ26446 |
| 005 |
20230207083758.0 |
| 008 |
230207s2023 hu o 0|| Magyar d |
| 022 |
|
|
|a 0017-5900
|
| 024 |
7 |
|
|a 33624386
|2 mtmt
|
| 040 |
|
|
|a SZTE Publicatio Repozitórium
|b hun
|
| 041 |
|
|
|a Magyar
|
| 100 |
1 |
|
|a Csoma Zsanett
|
| 245 |
1 |
0 |
|a Új szisztémás terápiás lehetőségek a gyermekkori atopiás ekzema kezelésében
|h [elektronikus dokumentum] /
|c Csoma Zsanett
|
| 260 |
|
|
|c 2023
|
| 300 |
|
|
|a 13-18
|
| 490 |
0 |
|
|a GYERMEKGYÓGYÁSZAT
|v 74 No. 1
|
| 650 |
|
4 |
|a Klinikai orvostan
|
| 856 |
4 |
0 |
|u http://publicatio.bibl.u-szeged.hu/26446/1/Csoma2023.GyermekgyogyaszatAzujszisztemasterapiaslehetosegek.pdf
|z Dokumentum-elérés
|